000 00354nam a2200157Ia 4500
008 240624s9999 xx 000 0 und d
041 _aeng
082 _a346.07 TAX
100 _aTAXMANN
245 _aCOMPANIES ACT
250 _a(21st ed.)
260 _c2008
_aNew Delhi
_bTaxmann
300 _aI-9,2.261, : 24 : cm.
365 _cRS
_b20
440 _v2
999 _c8150
_d8150